Hana Urbanová : obrazy a grafika : Galerie d Praha, září - říjen 1978 /

Hlavní autor: Urbanová, Hana, 1934-
Korporativní autor: Svaz českých výtvarných umělců. Jihomoravská krajská organizace
Další autoři: Hejna, Antonín, 1920-1986, Galerie d (Praha, Česko)
Jazyk: Čeština
Vydáno: Praha : Svaz českých výtvarných umělců, 1978
Témata:
Fyzický popis: [12] s. : il.
Knihy
Uloženo v:
LEADER 01098nam a22002652a 4500
001 001914924
003 CZ BrMZK
005 20241107125857.0
007 ta
008 241107s1978 xr a er|||||||||||cze d
040 |a OSE306  |b cze 
072 7 |a 75  |x Malířství  |2 Konspekt  |9 21 
100 1 |a Urbanová, Hana,  |d 1934-  |7 jo20000082742  |4 aut 
245 1 0 |a Hana Urbanová :  |b obrazy a grafika : Galerie d Praha, září - říjen 1978 /  |c [text Antonín Hejna] 
260 |a Praha :  |b Svaz českých výtvarných umělců,  |c 1978 
300 |a [12] s. :  |b il. 
500 |a Životopisné údaje, přehled výstav 
653 0 |a Česko  |a malířky  |a malířství  |a Urbanová, Hana, 18.4.1934-  |a grafici  |a grafiky  |a moderní umění  |a 20.-21. století  |a katalogy výstav 
700 1 |a Hejna, Antonín,  |d 1920-1986  |7 jz8600264  |4 waw 
710 2 |a Svaz českých výtvarných umělců. Jihomoravská krajská organizace 
710 2 |a Galerie d (Praha, Česko) 
910 |a BOA001  |b X-1536.019 
990 |a BK 
991 |b 202410 
996 6 |b 2610985151  |c X-1536.019  |l MZK  |r Sklad / do 24 hodin  |n 0  |w 001984157  |u 000010  |a 1  |e BOA001  |j MZK50  |s P